MARC details
| 000 -LEADER |
| campo de control de longitud fija |
02900nam a2200409 i 4500 |
| 001 - NÚMERO DE CONTROL |
| campo de control |
193377 |
| 003 - IDENTIFICADOR DE NÚMERO DE CONTROL |
| campo de control |
SpMaBN |
| 005 - FECHA Y HORA DE LA ÚLTIMA TRANSACCIÓN |
| campo de control |
20250630060312.0 |
| 007 - CAMPO FIJO DE DESCRIPCIÓN FÍSICA--INFORMACIÓN GENERAL |
| campo de control de longitud fija |
ta |
| 008 - DATOS DE LONGITUD FIJA--INFORMACIÓN GENERAL |
| campo de control de longitud fija |
201029s2020 sp | |||| 000 f spa |
| 017 ## - NÚMERO DE COPYRIGHT O DE DEPÓSITO LEGAL |
| Número de copyright o de depósito legal |
M 6621-2020 |
| Agencia que asigna |
Oficina Depósito Legal Madrid |
| 020 ## - NÚMERO INTERNACIONAL ESTÁNDAR DEL LIBRO |
| Número Internacional Estándar del Libro |
9788494180088 |
| 035 ## - NÚMERO DE CONTROL DEL SISTEMA |
| Número de control de sistema |
a6730054 |
| 040 ## - FUENTE DE CATALOGACIÓN |
| Centro catalogador/agencia de origen |
SpMaBN |
| Lengua de catalogación |
spa |
| Centro/agencia transcriptor |
SpMaBN |
| Normas de descripción |
rda |
| 080 ## - NÚMERO DE LA CLASIFICACIÓN DECIMAL UNIVERSAL |
| Número de la Clasificación Decimal Universal |
821.134.2-31"19" |
| 100 1# - ENTRADA PRINCIPAL--NOMBRE DE PERSONA |
| Nombre de persona |
Bilbao, Daniel, |
| Fechas asociadas al nombre |
1960- |
| Relación |
aut |
| 9 (RLIN) |
234543 |
| Término indicativo de función/relación |
Autor |
| 245 13 - MENCIÓN DEL TÍTULO |
| Título |
El perro ladrador / |
| Mención de responsabilidad, etc. |
Daniel Bilbao |
| 246 ## - FORMA VARIANTE DEL TITULO |
| Título propio/Titulo breve |
Las crónicas de Güilliam de Canford |
| 264 #1 - PRODUCCIÓN, PUBLICACIÓN, DISTRIBUCIÓN, FABRICACIÓN Y COPYRIGHT |
| Producción, publicación, distribución, fabricación y copyright |
Madrid : |
| Nombre del de productor, editor, distribuidor, fabricante |
Mong, |
| Fecha de producción, publicación, distribución, fabricación o copyright |
2020 |
| 300 ## - DESCRIPCIÓN FÍSICA |
| Extensión |
145 páginas ; |
| Dimensiones |
23 cm |
| 336 ## - TIPO DE CONTENIDO |
| Término de tipo de contenido |
Texto |
| Fuente |
rdacontent |
| 337 ## - TIPO DE MEDIO |
| Nombre/término del tipo de medio |
sin mediación |
| Fuente |
rdamedia |
| 338 ## - TIPO DE SOPORTE |
| Nombre/término del tipo de soporte |
volumen |
| Fuente |
rdacarrier |
| 490 0# - MENCIÓN DE SERIE |
| Mención de serie |
Las crónicas de Güilliam de Canford, el arquero siniestro sindedos ; |
| Designación de volumen o secuencia |
[1] |
| 500 ## - NOTA GENERAL |
| Nota general |
En cub.: "Una novela negra de la Edad Media" |
| 500 ## - NOTA GENERAL |
| Nota general |
Primer libro de Las Crónicas de Güilliam de Canford. |
| 520 ## - RESUMEN, ETC. |
| Sumario, etc. |
Corre el año 1476. Güilliam de Canford, conocido como el Arquero Siniestro Sindedos, se dirige a cumplir una misión encomendada por el rey Fernando de Aragón cuando es encerrado en las mazmorras del castillo de Frías con otros dos prisioneros: un prestamista judío y una supuesta bruja, María la Gatusa. Desconocen de qué crímenes se les acusa, pero aun así los obligarán a confesar su culpabilidad, y eso los llevaría a la horca. En la mejor tradición de la novela negra, donde el Colt es reemplazado por el arco y las flechas, Güilliam busca desentrañar un misterio muy singular y descubrir a<br/>un insólito culpable. Le va la vida en ello y pondrá en juego su sarcasmo y la falta de escrúpulos propia del mercenario que es.<br/><br/>Acompañado de María la Gatusa, que no es ni una dama ni una bruja aunque podría ser ambas, Güilliam nos adentra en el turbio ambiente de una ciudad medieval y sus más representativos personajes. Sus pesquisas lo llevan a intimidar a un tahúr, chantajear a un religioso, amenazar a un artesano, desafiar a un caballero armado y enfrentarse a la nobleza. De paso, nos proporciona una visión crítica de la época, a veces sórdida y otras surrealista, pero siempre ocurrente.<br/><br/>Este sainete medieval se resuelve con la elegancia de los mejores relatos de misterio y el añadido de dejarnos con una sonrisa en la boca. |
| 655 #7 - TERMINO DE INDIZACIÓN--GENERO/FORMA |
| Datos o término principal de género/forma |
Novelas negras |
| Fuente del término |
tgfbne |
| 9 (RLIN) |
226784 |
| 655 #7 - TERMINO DE INDIZACIÓN--GENERO/FORMA |
| Datos o término principal de género/forma |
Novelas históricas |
| Fuente del término |
tgfbne |
| 9 (RLIN) |
226782 |
| 852 ## - LOCALIZACIÓN |
| Ubicación |
ES-MaACL |
| Sublocalización o colección |
R. 154757 |
| Ubicación en estantería |
Depósito J |
| Número de control de estantería |
N-9536 |
| itemnumber |
200823 |
| Donativo/Legado |
Donativo: Daniel Bilbao |
| Anotaciones manuscritas |
Dedicatoria autógrafa del autor |
| Encuadernación |
Encuadernación rústica con solapas |
| 903 ## - NOMBRE PERSONAL DE DONANTE |
| 9 |
234543 |
| a |
Bilbao, Daniel, |
| d |
1960- |
| e |
Donante |
| 942 ## - ELEMENTOS DE ENTRADA SECUNDARIOS (KOHA) |
| Suprimir en OPAC |
No |
| Tipo de ítem Koha |
Libro impreso |